Begins and Ends with 'T' Quiz Stats

 Plays Quiz Updated Jul 9, 2018

Score 0/20 Timer 05:00
2 Plays Today
Hint Word % Correct
Sound made by birds or action taken by those on TwitterTweet
95.9%
The Bible has an old and a new oneTestament
95.9%
A freshwater fish such as a Steelhead or RainbowTrout
89%
A deck of card for a fortunetellerTarot
86.3%
The period between sunset & dark or a Stephenie Meyer NovelTwilight
85.8%
Encapsulated medicine, a flat slab possibly used for commandmentsTablet
85.5%
Pucker-producing or a fruit pastryTart
84.2%
A Bathroom fixtureToilet
80.8%
A person who prepares animal skins for stuffing and mountingTaxidermist
77.3%
The passage linking the mouth to the pharynxThroat
75.9%
Hint Word % Correct
To transfer matter from one point to another...beam me up ScottyTeleport
75.6%
The 27th President of the United States (Last Name)Taft
75.2%
Profession of the cast in TLC's Miami InkTattooist
70.7%
According to the Beatles, she's got one to ride...but she don't careTicket
67.9%
Chubby Checker's danceThe Twist
66.4%
A disputed Chinese region known as The Roof of the WorldTibet
60.6%
A device that monitors and responds to changes in warmth or coldnessThermostat
58.6%
Tightly drawn; tenseTaut
56%
A windstorm or a Shakespearean playTempest
55.7%
A pinball foulTilt
55.5%

You're not logged in!

Compare scores with friends on all Sporcle quizzes.
OR
Log In

You Might Also Like...

Show Comments

Extras

Top Quizzes Today


Score Distribution

Your Account Isn't Verified!

In order to create a playlist on Sporcle, you need to verify the email address you used during registration. Go to your Sporcle Settings to finish the process.

Report this User

Report this user for behavior that violates our Community Guidelines.

Details: